[Event "Karl Mala Memorial op 09th"]
[Site "Frankfurt"]
[Date "2005.07.30"]
[Round "5"]
[White "Kroll, Tobias"]
[Black "Ly, Quan"]
[Result "1-0"]
[WhiteElo "1736"]
[BlackElo "1434"]
[PlyCount "79"]
[EventDate "2005.07.28"]
[EventType "swiss"]
[EventRounds "7"]
[EventCountry "GER"]
[SourceTitle "EXT 2006"]
[Source "ChessBase"]
[SourceDate "2005.11.24"]
[SourceVersion "1"]
[SourceVersionDate "2005.11.24"]
[SourceQuality "1"]

1. e4 Nf6 2. d3 e5 3. c4 Bc5 4. g3 0-0 5. Bg2 Nc6 6. Ne2 d6 7. 0-0 Be6 8. Nbc3 Bg4 9. h3 Bh5 10. Na4 Nd4 11. g4 Bxg4 12. hxg4 Nxg4 13. Nxd4 Qh4 14. Nf3 Bxf2+ 15. Rxf2 Qxf2+ 16. Kh1 f5 17. Qe1 Qc2 18. Nc3 fxe4 19. Qd2 Qxd3 20. Qxd3 Nf2+ 21. Kg1 Nxd3 22. Nxe4 Nxc1 23. Rxc1 Rf4 24. Re1 Raf8 25. Kf2 h6 26. Ke3 g5 27. Rh1 Kg7 28. Rd1 g4 29. Nh2 Rd8 30. b3 Kg6 31. Ng3 h5 32. Bxb7 h4 33. Ne2 Kg5 34. Nxf4 exf4+ 35. Ke2 Re8+ 36. Kf1 Re5 37. Bc8 f3 38. Bxg4 Kf4 39. Bxf3 Kg3 40. Kg1 1-0

[Event "Karl Mala Memorial op 09th"]
[Site "Frankfurt"]
[Date "2005.07.29"]
[Round "3"]
[White "Kitzler, Gerhard"]
[Black "Ly, Quan"]
[Result "0-1"]
[WhiteElo "1036"]
[BlackElo "1434"]
[PlyCount "56"]
[EventDate "2005.07.28"]
[EventType "swiss"]
[EventRounds "7"]
[EventCountry "GER"]
[SourceTitle "EXT 2006"]
[Source "ChessBase"]
[SourceDate "2005.11.24"]
[SourceVersion "1"]
[SourceVersionDate "2005.11.24"]
[SourceQuality "1"]

1. e4 Nf6 2. e5 Nd5 3. c4 Nb6 4. d4 d6 5. f4 dxe5 6. fxe5 Bf5 7. Be3 e6 8. a3 Be7 9. Nf3 0-0 10. Qd2 f6 11. h4 fxe5 12. dxe5 Nc6 13. Qf2 Bg4 14. Qg3 h5 15. Nc3 Rf5 16. Rd1 Qf8 17. Be2 Bxf3 18. Bxf3 Nxc4 19. Nb5 Nxe3 20. Rd2 Rc8 21. Re2 Nc4 22. Bxc6 bxc6 23. Nxa7 Rb8 24. Nxc6 Rxb2 25. Rxb2 Nxb2 26. Nxe7+ Qxe7 27. Qc3 Na4 28. Qa1 Qc5 0-1

[Event "Karl Mala Memorial op 08th"]
[Site "Frankfurt"]
[Date "2004.07.23"]
[Round "2"]
[White "Kirschner, Matthias"]
[Black "Ly, Quan"]
[Result "1/2-1/2"]
[WhiteElo "1446"]
[BlackElo "1453"]
[PlyCount "88"]
[EventDate "2004.07.22"]
[EventType "swiss"]
[EventRounds "7"]
[EventCountry "GER"]
[SourceTitle "EXT 2005"]
[Source "ChessBase"]
[SourceDate "2004.11.15"]
[SourceVersion "1"]
[SourceVersionDate "2004.11.15"]
[SourceQuality "1"]

1. c4 e5 2. d3 Nc6 3. g3 Bc5 4. Bg2 Nge7 5. a3 a5 6. Nc3 0-0 7. Rb1 d6 8. Nf3 Bf5 9. 0-0 Qd7 10. Re1 Bh3 11. Bh1 h6 12. Nd2 Rab8 13. Nde4 Ba7 14. b4 axb4 15. axb4 f5 16. Nd2 f4 17. b5 Nd8 18. Ra1 fxg3 19. hxg3 Bxf2+ 20. Kh2 Bxe1 21. Qxe1 Ng6 22. Nd5 Be6 23. Ne3 c6 24. b6 Nf7 25. Ne4 Ra8 26. Ra7 Rxa7 27. bxa7 Ra8 28. Qa5 Qd8 29. Qa3 d5 30. Nc5 Nf8 31. Nxb7 Qc7 32. cxd5 cxd5 33. Nxd5 Bxd5 34. Bxd5 Rxa7 35. Qxa7 Nd7 36. Be3 Nf6 37. Bxf7+ Qxf7 38. Kg2 Qd5+ 39. Kg1 Ng4 40. Bb6 Qb3 41. Nd6 Qd1+ 42. Kg2 Qxe2+ 43. Bf2 Qxd3 44. Qa8+ Kh7 1/2-1/2

[Event "Karl Mala Memorial op 08th"]
[Site "Frankfurt"]
[Date "2004.07.22"]
[Round "1"]
[White "Ly, Quan"]
[Black "Nikfar, Surag"]
[Result "0-1"]
[WhiteElo "1453"]
[BlackElo "1716"]
[PlyCount "76"]
[EventDate "2004.07.22"]
[EventType "swiss"]
[EventRounds "7"]
[EventCountry "GER"]
[SourceTitle "EXT 2005"]
[Source "ChessBase"]
[SourceDate "2004.11.15"]
[SourceVersion "1"]
[SourceVersionDate "2004.11.15"]
[SourceQuality "1"]

1. d4 g6 2. c4 Bg7 3. Nf3 c5 4. d5 d6 5. Nc3 Nf6 6. Bf4 Bg4 7. h3 Bxf3 8. exf3 Nbd7 9. Be2 0-0 10. 0-0 a6 11. a4 Rb8 12. b3 Nh5 13. Bd2 Bd4 14. Rc1 e5 15. Ne4 f5 16. Ng5 Qf6 17. Ne6 Rfe8 18. Kh1 f4 19. Bc3 Nf8 20. Nxf8 Kxf8 21. Bd3 Bxc3 22. Rxc3 e4 23. Rc1 exd3 24. Qxd3 Rbd8 25. Rce1 Ng7 26. Re4 Re5 27. Qd2 Rxe4 28. fxe4 Re8 29. Re1 Qe5 30. f3 Nf5 31. Rb1 Ng3+ 32. Kg1 g5 33. Qa5 h5 34. Qb6 Re7 35. b4 cxb4 36. Qxb4 g4 37. c5 dxc5 38. Qxc5 gxf3 0-1